| 000 -LEADER |
| fixed length control field |
00598nam a2200241Ia 4500 |
| 001 - CONTROL NUMBER |
| control field |
22170 |
| 003 - CONTROL NUMBER IDENTIFIER |
| control field |
GE_BSU |
| 008 - FIXED-LENGTH DATA ELEMENTS--GENERAL INFORMATION |
| fixed length control field |
181216s||||||||xx |||||||||||||| ||und|| |
| 020 ## - INTERNATIONAL STANDARD BOOK NUMBER |
| International Standard Book Number |
978-3-8252-4728-7 |
| 040 ## - CATALOGING SOURCE |
| Transcribing agency |
GE_BSU |
| 080 ## - UNIVERSAL DECIMAL CLASSIFICATION NUMBER |
| Universal Decimal Classification number |
34+811.112 |
| 100 ## - MAIN ENTRY--PERSONAL NAME |
| Personal name |
Hoffmann, Monika |
| 245 ## - TITLE STATEMENT |
| Title |
Deutsch furs Jurastudium |
| 245 ## - TITLE STATEMENT |
| Remainder of title |
In 10 Lektionen zum Erfolg |
| 260 ## - PUBLICATION, DISTRIBUTION, ETC. |
| Place of publication, distribution, etc. |
Stuttgart |
| 260 ## - PUBLICATION, DISTRIBUTION, ETC. |
| Name of publisher, distributor, etc. |
Ferdinand Schoningh |
| 260 ## - PUBLICATION, DISTRIBUTION, ETC. |
| Date of publication, distribution, etc. |
2017 |
| 300 ## - PHYSICAL DESCRIPTION |
| Extent |
172 p.;18cm. |
| 653 ## - INDEX TERM--UNCONTROLLED |
| Uncontrolled term |
Deutsch furs Jurastudium |
| 653 ## - INDEX TERM--UNCONTROLLED |
| Uncontrolled term |
სამართალი. Право |
| 942 ## - ADDED ENTRY ELEMENTS (KOHA) |
| Koha item type |
წიგნი |